Ninth general programme of work Covering the period 1996 - 2001
Αποθηκεύτηκε σε:
| Μορφή: | Βιβλίο |
|---|---|
| Γλώσσα: | Undetermined |
| Έκδοση: |
Geneva
WHO
1994
|
| Θέματα: | |
| Ετικέτες: |
Προσθήκη ετικέτας
Δεν υπάρχουν, Καταχωρήστε ετικέτα πρώτοι!
|
| Thư viện lưu trữ: | Trung tâm Học liệu Trường Đại học Cần Thơ |
|---|
| LEADER | 00453nam a2200169Ia 4500 | ||
|---|---|---|---|
| 001 | CTU_24440 | ||
| 008 | 210402s9999 xx 000 0 und d | ||
| 082 | |a 610.73 | ||
| 082 | |b N927n | ||
| 245 | 0 | |a Ninth general programme of work | |
| 245 | 0 | |b Covering the period 1996 - 2001 | |
| 260 | |a Geneva | ||
| 260 | |b WHO | ||
| 260 | |c 1994 | ||
| 650 | |a medical care | ||
| 904 | |i Thương, 980519 | ||
| 980 | |a Trung tâm Học liệu Trường Đại học Cần Thơ | ||